| 000 | 01149cam a22003375a 4500 | ||
|---|---|---|---|
| 999 |
_c27568 _d27539 |
||
| 001 | 014519866 | ||
| 003 | EG-ScBUE | ||
| 005 | 20201010100846.0 | ||
| 008 | 080122t2008 mau f bd 000 0 eng d | ||
| 020 | _a9781422121054 | ||
| 040 |
_aStDuBDS _beng _erda _cStDuBDS _dUk _dEG-ScBUE _dEG-ScBUE |
||
| 082 | 0 | 4 |
_a658.4083 _bHOF _222 |
| 100 | 1 |
_aHoffman, Andrew J., _d1961- _eauthor. |
|
| 245 | 1 | 0 |
_aClimate change : _bwhat's your business strategy ? / _cAndrew J. Hoffman, John G. Woody. |
| 264 | 1 |
_aBoston, Massachusetts : _bHarvard Business Press, _c[2008] |
|
| 264 | 4 | _cc2008 | |
| 300 |
_a115 pages ; _c20 cm. |
||
| 336 |
_2rdacontent _atext _btxt |
||
| 337 |
_2rdamedia _aunmediated _bn |
||
| 338 |
_2rdacarrier _avolume _bnc |
||
| 490 | 0 | _aMemo to the CEO series | |
| 500 | _aIncludes glossary. | ||
| 504 | _aIncludes bibliographical references. | ||
| 650 | 7 |
_aClimatic changes _xEconomic aspects. _2BUEsh _912491 |
|
| 650 | 7 |
_aGlobal warming _xEconomic aspects. _2BUEsh |
|
| 650 | 7 |
_aSocial responsibility of business. _2BUEsh |
|
| 653 |
_bBUSECO _cJuly2019 |
||
| 655 | _vReading book | ||
| 700 | 1 |
_aWoody, John G., _eauthor. |
|
| 942 |
_2ddc _cBB |
||